Southville International School and Colleges
Your cart is empty.
  • Cart
  • Lists
    Public lists Eva Luna New books Lux_list list_1
    Your lists Log in to create your own lists
  • Log in to your account
  • Your cookies
  • Search history
Southville International School and Colleges
  • Advanced search
  • Recent comments
  • Most popular
  • Libraries

Log in to your account

Log in with GOOGLE


If you do not have an external account, but do have a local account, you can still log in:

  1. Home
  2. MARC view: Your undergraduate degree in psychology :
Normal view MARC view ISBD view

Your undergraduate degree in psychology : (Record no. 284540)

[ view plain ]
MARC details
000 -LEADER
fixed length control field 02078cam a2200289 i 4500
001 - CONTROL NUMBER
control field 17440520
003 - CONTROL NUMBER IDENTIFIER
control field PILC
005 - DATE AND TIME OF LATEST TRANSACTION
control field 20160216073609.0
008 - FIXED-LENGTH DATA ELEMENTS--GENERAL INFORMATION
fixed length control field 120824t20142014cau b 001 0 eng
010 ## - LIBRARY OF CONGRESS CONTROL NUMBER
LC control number 2012031487
020 ## - INTERNATIONAL STANDARD BOOK NUMBER
International Standard Book Number 9781412999311 (pbk. : alk. paper)
040 ## - CATALOGING SOURCE
Original cataloging agency DLC
Language of cataloging eng
Transcribing agency DLC
Description conventions rda
Modifying agency DLC
042 ## - AUTHENTICATION CODE
Authentication code pcc
050 00 - LIBRARY OF CONGRESS CALL NUMBER
Classification number BF 76
Item number .H488 2014
082 00 - DEWEY DECIMAL CLASSIFICATION NUMBER
Classification number 150.23
100 1# - MAIN ENTRY--PERSONAL NAME
Personal name Hettich, Paul I.
245 10 - TITLE STATEMENT
Title Your undergraduate degree in psychology :
Remainder of title from college to career /
Statement of responsibility, etc Paul I. Hettich, R. Eric Landrum.
260 ## - PUBLICATION, DISTRIBUTION, ETC. (IMPRINT)
Place of publication, distribution, etc Los Angeles :
Name of publisher, distributor, etc Sage,
Date of publication, distribution, etc 2014.
300 ## - PHYSICAL DESCRIPTION
Extent xiii, 289 pages ;
Dimensions 26 cm
500 ## - GENERAL NOTE
General note Includes bibliographical references and index.
505 0# - FORMATTED CONTENTS NOTE
Formatted contents note Preface -- About the authors -- Get ready for your transition to the workplace -- Meet the new workplace realities (and your paperback mentors) -- Yes! : you can succeed in life with a bachelor's degree -- Make the most of your opportunities now! -- Know thy self better! -- What is the secret of excellent career planning? : Camille Helkowski -- Your journey through psychosocial development continues : long after graduation -- Know the skills you need to succeed (course content is no longer the focus) -- Get a jump-start on your job search -- John Jameson -- Onboarding to work -- Why are attitudes, motivation, and work centrality important? -- Your first real job? : it's primarily about communicating -- Avoid false expectations : onboarding and your first 90 days -- I graduated and got a job : what's next -- Your personal life changes after college : Abby Miller -- From know thyself to manage thyself -- Prime yourself for more transitions -- What lies ahead? -- Author index -- Subject index.
650 #0 - SUBJECT ADDED ENTRY--TOPICAL TERM
Topical term or geographic name as entry element Psychology
General subdivision Vocational guidance.
700 1# - ADDED ENTRY--PERSONAL NAME
Personal name Landrum, R. Eric.
906 ## - LOCAL DATA ELEMENT F, LDF (RLIN)
a 7
b cbc
c orignew
d 1
e ecip
f 20
g y-gencatlg
942 ## - ADDED ENTRY ELEMENTS (KOHA)
Source of classification or shelving scheme Library of Congress Classification
Koha item type Books
Call number prefix Foreign
Holdings
Withdrawn status Lost status Source of classification or shelving scheme Damaged status Home library Current library Shelving location Date acquired Source of acquisition Sub Shelving location Total Checkouts Full call number Barcode Date last seen Price effective from Koha item type
    Library of Congress Classification   College Library College Library Reserve Section 06/01/2015 Library Fund     BF 76 .H488 2014 C19461 05/15/2018 06/01/2015 Books

Your undergraduate degree in psychology :

APA

Hettich P. I., Landrum R. E., . (2014). Your undergraduate degree in psychology. Los Angeles: Sage.

Chicago

Hettich Paul I, Landrum R Eric, . 2014. Your undergraduate degree in psychology. Los Angeles: Sage.

Harvard

Hettich P. I., Landrum R. E., . (2014). Your undergraduate degree in psychology. Los Angeles: Sage.

MLA

Hettich Paul I, Landrum R Eric, . Your undergraduate degree in psychology. Los Angeles: Sage. 2014.

  • Place hold
  • Print
  • Cite
  • Add to your cart (remove)
  • Save record
    BIBTEX Dublin Core MARCXML MARC (non-Unicode/MARC-8) MARC (Unicode/UTF-8) MARC (Unicode/UTF-8, Standard) MODS (XML) RIS
  • More searches
    Search for this title in:
    Other Libraries (WorldCat) Other Databases (Google Scholar) Online Stores (Bookfinder.com) Open Library (openlibrary.org)

Exporting to Dublin Core...

SOUTHVILLE LIBRARY

Southville International School and Colleges Library

1281 Tropical Ave. Cor. Luxembourg St., BF Homes International, Las Pinas City

Tel. No. 8256374 / 252358 Loc. 117/146

Powered by Koha